000 00490nam a2200181Ia 4500
008 151202s9999||||xx |||||||||||||| ||und||
082 _bPNVM-55207
100 _aओक जनार्दन.
245 _aमाग.
260 _b"श्रदा प्रकाशन,पुणे."
260 _c1991
300 _a156
600 _aओक जनार्दन.
630 _aमाग.
700 _aओक जनार्दन.
730 _aमाग.
942 _cBOOK
999 _c1321745
_d1321742